00640nam a22002177a 4500003000500000005001700005008004100022010001000063011001000073020001800083035001000101040000900111082001600120100001900136245008500155260004100240300003100281500006200312650003300374650001500407CHAP20220329142431.0010126d1999 uk a r 00110 eng d a83373 a84345 a0 85199 313 3 a94865 cCHAP04a595.771bC500aClements, A.N.14aThe biology of mosquitoes :bsensory reception and behaviourc/by A. N. Clements aOxon, U.K. :bCAB Publishing,c1999. a740 p. :bilus. ; gráfs. aLa biblioteca tiene : v.2 sensory reception and behaviour14aEntomología sistemática.14aMosquitos.